Missing Word: Bruno Mars Quiz Stats

Quiz Updated Nov 30, 2017

Challenge
Share
Tweet
Embed
Score 0/20 Timer 02:00
0 Plays Today
Bruno Mars Song Missing Word % Correct
Just the _____ You AreWay
95.4%
When I Was Your _____Man
82.4%
The _____ SongLazy
79.5%
Locked Out of _____Heaven
78.4%
That's What I _____Like
66.1%
24K _____Magic
65.9%
Talking to the _____Moon
60.3%
Versace on the _____Floor
56.5%
The Other _____Side
52.4%
_____ On MeCount
49.1%
Bruno Mars Song Missing Word % Correct
_____ YouMarry
47.4%
_____ Store BluesLiquor
45.9%
Straight Up & _____Down
45.4%
Our _____ TimeFirst
44.5%
Somewhere in _____Brooklyn
39.3%
_____ BabyRunaway
39%
Young _____Girls
34%
_____ All My LoveliesCalling
30.1%
If I _____Knew
22%
_____ Make Her SmileMoney
21.9%

Today's Daily Dose

You're not logged in!

Compare scores with friends on all Sporcle quizzes.
Join for Free
OR
Log In

You Might Also Like...

Show Comments

Extras

Top Quizzes Today


Score Distribution

Your Account Isn't Verified!

In order to create a playlist on Sporcle, you need to verify the email address you used during registration. Go to your Sporcle Settings to finish the process.

Report this User

Report this user for behavior that violates our Community Guidelines.

Details: